Deutschlandkarte ohne 20 zufällige Landkreise - Statistiken

Allgemein
  • Dieses Quiz wurde 1.511 mal gespielt
  • Das Durchschnittsergebnis liegt bei 16 aus 20
Antworten auf der Karte
Die Antworten werden auf der Karte rot bzw. grün angezeigt, abhängig davon wie oft sie richtig erraten wurden.
 
Antwortstatistiken
Landkreis / Kreisfreie Stadt % Korrekt
Aschaffenburg
100%
Bayreuth
100%
Braunschweig
100%
Cuxhaven
100%
Flensburg
100%
Garmisch-Partenkirchen
100%
Halle (Saale)
100%
Hamburg
100%
Kassel
100%
Leipzig
100%
Leverkusen
100%
Lippe
100%
München
100%
Nordfriesland
100%
Nordwestmecklenburg
100%
Passau
100%
Ravensburg
100%
Rendsburg-Eckernförde
100%
Saarlouis
100%
Schleswig-Flensburg
100%
Schwäbisch Hall
100%
Weimar
100%
Wesel
100%
Rostock
96%
Magdeburg
95%
Städteregion Aachen
95%
Stuttgart
95%
Ahrweiler
94%
Augsburg
94%
Aurich
94%
Biberach
94%
Börde
94%
Dortmund
94%
Dresden
94%
Emmendingen
94%
Friesland
94%
Göttingen
94%
Gütersloh
94%
Harz
94%
Herford
94%
Karlsruhe
94%
Lörrach
94%
Meißen
94%
Neckar-Odenwald-Kreis
94%
Neu-Ulm
94%
Rhein-Neckar-Kreis
94%
Schwerin
94%
Siegen-Wittgenstein
94%
Ulm
94%
Vorpommern-Rügen
94%
Wunsiedel im Fichtelgebirge
94%
Bayreuth
93%
Berlin
93%
Delmenhorst
93%
Gera
93%
Karlsruhe
93%
Konstanz
93%
Limburg-Weilburg
93%
Mülheim an der Ruhr
93%
Nordsachsen
93%
Oberallgäu
93%
Pinneberg
93%
Rotenburg (Wümme)
93%
Schweinfurt
93%
Stade
93%
Südliche Weinstraße
93%
Zwickau
93%
Baden-Baden
92%
Bremen
92%
Eifelkreis Bitburg-Prüm
92%
Enzkreis
92%
Freiburg im Breisgau
92%
Leer
92%
Neumünster
92%
Northeim
92%
Oldenburg
92%
Potsdam-Mittelmark
92%
Saarpfalz-Kreis
92%
Regionalverband Saarbrücken
92%
Anhalt-Bitterfeld
91%
Bad Kreuznach
91%
Bamberg
91%
Jena
91%
Leipzig
91%
Rheinisch-Bergischer Kreis
91%
Bautzen
90%
Berchtesgadener Land
90%
Dessau-Roßlau
90%
Havelland
90%
Jerichower Land
90%
Koblenz
90%
Mönchengladbach
90%
Münster
90%
Rastatt
90%
Region Hannover
90%
Solingen
90%
Sömmerda
90%
Tübingen
90%
Altmarkkreis Salzwedel
89%
Ammerland
89%
Bamberg
89%
Bergstraße
89%
Bonn
89%
Dachau
89%
Emsland
89%
Erzgebirgskreis
89%
Heidekreis
89%
Kaiserslautern
89%
Main-Tauber-Kreis
89%
Neuwied
89%
Ostprignitz-Ruppin
89%
Uckermark
89%
Waldeck-Frankenberg
89%
Aschaffenburg
88%
Cloppenburg
88%
Freudenstadt
88%
Hagen
88%
Heilbronn
88%
Kyffhäuserkreis
88%
Lüchow-Dannenberg
88%
Neunkirchen
88%
Odenwaldkreis
88%
Osnabrück
88%
Rhein-Kreis Neuss
88%
Rhein-Sieg-Kreis
88%
Steinfurt
88%
Viersen
88%
Vogtlandkreis
88%
Bochum
87%
Erlangen-Höchstadt
87%
Fulda
87%
Main-Spessart
87%
Oder-Spree
87%
Ostholstein
87%
Suhl
87%
Unterallgäu
87%
Wetteraukreis
87%
Bad Kissingen
86%
Coburg
86%
Fürth
86%
Görlitz
86%
Greiz
86%
Hameln-Pyrmont
86%
Heidelberg
86%
Mayen-Koblenz
86%
Mecklenburgische Seenplatte
86%
Ortenaukreis
86%
Ostallgäu
86%
Pforzheim
86%
Rheingau-Taunus-Kreis
86%
Südwestpfalz
86%
Tirschenreuth
86%
Uelzen
86%
Bad Tölz-Wolfratshausen
85%
Bernkastel-Wittlich
85%
Bielefeld
85%
Chemnitz
85%
Esslingen
85%
Heilbronn
85%
Mainz-Bingen
85%
Marburg-Biedenkopf
85%
Märkisch-Oderland
85%
Oberhavel
85%
Ostalbkreis
85%
Paderborn
85%
Warendorf
85%
Wartburgkreis
85%
Wesermarsch
85%
Wittenberg
85%
Kaiserslautern
84%
Köln
84%
Regensburg
84%
Stormarn
84%
Würzburg
84%
Brandenburg an der Havel
83%
Calw
83%
Celle
83%
Cham
83%
Erfurt
83%
Frankenthal (Pfalz)
83%
Göppingen
83%
Hof
83%
Minden-Lübbecke
83%
Roth
83%
Traunstein
83%
Altenkirchen (Westerwald)
82%
Frankfurt am Main
82%
Harburg
82%
Hildesheim
82%
Ingolstadt
82%
Kleve
82%
Lübeck
82%
Mittelsachsen
82%
Stendal
82%
Vorpommern-Greifswald
82%
Westerwaldkreis
82%
Wolfsburg
82%
Würzburg
82%
Breisgau-Hochschwarzwald
81%
Cochem-Zell
81%
Duisburg
81%
Gießen
81%
Kiel
81%
Nienburg (Weser)
81%
Nürnberg
81%
Sächsische Schweiz- Osterzgebirge
81%
Salzgitter
81%
Wuppertal
81%
Alb-Donau-Kreis
80%
Alzey-Worms
80%
Augsburg
80%
Burgenlandkreis
80%
Gotha
80%
Herzogtum Lauenburg
80%
Holzminden
80%
Lahn-Dill-Kreis
80%
Lüneburg
80%
München
80%
Neustadt an der Aisch- Bad Windsheim
80%
Olpe
80%
Rems-Murr-Kreis
80%
Trier
80%
Verden
80%
Weimarer Land
80%
Cottbus
79%
Gelsenkirchen
79%
Hof
79%
Ludwigslust-Parchim
79%
Offenbach
79%
Oldenburg
79%
Pirmasens
79%
Potsdam
79%
Rosenheim
79%
Soest
79%
Sonneberg
79%
Waldshut
79%
Bodenseekreis
78%
Coesfeld
78%
Darmstadt
78%
Euskirchen
78%
Grafschaft Bentheim
78%
Hochsauerlandkreis
78%
Ludwigsburg
78%
Main-Kinzig-Kreis
78%
Neustadt an der Weinstraße
78%
Osnabrück
78%
Rottweil
78%
Saalekreis
78%
St. Wendel
78%
Darmstadt-Dieburg
77%
Germersheim
77%
Worms
77%
Birkenfeld
76%
Eichsfeld
76%
Kitzingen
76%
Merzig-Wadern
76%
Salzlandkreis
76%
Trier-Saarburg
76%
Coburg
75%
Düsseldorf
75%
Gifhorn
75%
Günzburg
75%
Hamm
75%
Heinsberg
75%
Kulmbach
75%
Landau in der Pfalz
75%
Mannheim
75%
Miesbach
75%
Miltenberg
75%
Regensburg
75%
Rhein-Erft-Kreis
75%
Wilhelmshaven
75%
Schwabach
74%
Bad Dürkheim
73%
Dithmarschen
73%
Elbe-Elster
73%
Ludwigshafen am Rhein
73%
Märkischer Kreis
73%
Mühldorf am Inn
73%
Nordhausen
73%
Reutlingen
73%
Donnersbergkreis
72%
Frankfurt (Oder)
72%
Saale-Holzland-Kreis
72%
Straubing
72%
Teltow-Fläming
72%
Dillingen an der Donau
71%
Ennepe-Ruhr-Kreis
71%
Heidenheim
71%
Hersfeld-Rotenburg
71%
Ilm-Kreis
71%
Rhein-Lahn-Kreis
71%
Saale-Orla-Kreis
71%
Sigmaringen
71%
Vechta
71%
Weiden in der Oberpfalz
71%
Wittmund
71%
Zweibrücken
71%
Deggendorf
70%
Donau-Ries
70%
Schwalm-Eder-Kreis
70%
Starnberg
70%
Weilheim-Schongau
70%
Ansbach
69%
Borken
69%
Düren
69%
Ebersberg
69%
Eichstätt
69%
Fürth
69%
Goslar
69%
Haßberge
69%
Hochtaunuskreis
69%
Lichtenfels
69%
Mansfeld-Südharz
69%
Neustadt an der Waldnaab
69%
Nürnberger Land
69%
Osterholz
69%
Rosenheim
69%
Vogelsbergkreis
69%
Böblingen
68%
Freyung-Grafenau
68%
Rhön-Grabfeld
68%
Vulkaneifel
68%
Altötting
67%
Dahme-Spreewald
67%
Diepholz
67%
Groß-Gerau
67%
Landsberg am Lech
67%
Oberspreewald-Lausitz
67%
Peine
67%
Plön
67%
Rhein-Pfalz-Kreis
67%
Saalfeld-Rudolstadt
67%
Schaumburg
67%
Schwarzwald-Baar-Kreis
67%
Unna
67%
Wiesbaden
67%
Zollernalbkreis
67%
Amberg-Sulzbach
65%
Barnim
65%
Hildburghausen
65%
Hohenlohekreis
65%
Kronach
65%
Werra-Meißner-Kreis
65%
Altenburger Land
64%
Helmstedt
64%
Mainz
64%
Prignitz
64%
Tuttlingen
64%
Wolfenbüttel
64%
Essen
63%
Freising
63%
Krefeld
63%
Lindau (Bodensee)
63%
Recklinghausen
63%
Regen
63%
Rhein-Hunsrück-Kreis
63%
Schmalkalden-Meiningen
63%
Ansbach
62%
Bottrop
62%
Schweinfurt
62%
Erding
60%
Mettmann
60%
Oberbergischer Kreis
60%
Oberhausen
60%
Straubing-Bogen
60%
Aichach-Friedberg
59%
Erlangen
59%
Landshut
59%
Fürstenfeldbruck
58%
Herne
58%
Kaufbeuren
58%
Landshut
58%
Steinburg
58%
Emden
57%
Höxter
57%
Kassel
57%
Kelheim
57%
Neumarkt in der Oberpfalz
57%
Pfaffenhofen an der Ilm
57%
Weißenburg-Gunzenhausen
56%
Kempten (Allgäu)
55%
Offenbach am Main
55%
Spree-Neiße
55%
Dingolfing-Landau
54%
Passau
54%
Amberg
53%
Main-Taunus-Kreis
53%
Rottal-Inn
53%
Kusel
50%
Remscheid
50%
Schwandorf
50%
Segeberg
50%
Speyer
47%
Unstrut-Hainich-Kreis
46%
Memmingen
44%
Rostock
41%
Bremerhaven
33%
Forchheim
33%
Neuburg-Schrobenhausen
27%
Keine übereinstimmenden Quizze gefunden
Verteilung der Resultate
Anzahl Personen mit jedem Resultat
Perzentil nach korrekt beantworteten Fragen
Ihre Resultats-Entwicklung
Sie haben dieses Quiz noch nicht gespielt